| 000 | 00468ntaaa2200193 4500 | ||
|---|---|---|---|
| 003 | 01 | ||
| 005 | 20251027202739.0 | ||
| 008 | 0714s1973 ag 01 | ||
| 040 |
_aAR-BaBN _bspa _cAR-BaBN _eaacr _dRIC |
||
| 082 | _a745.5400 As4c | ||
| 100 |
_aAsk, G _927499 |
||
| 245 | _aCortar y pegar | ||
| 250 | _a1 ed. | ||
| 260 |
_aBuenos Aires : _bEditorial Kapelusz, _cc1972 |
||
| 300 | _a64 p | ||
| 650 |
_atrabajos manuales _917557 |
||
| 700 |
_aAsk, H _927500 |
||
| 942 | _cBK | ||
| 999 |
_c22724 _d22724 |
||